|
|
|
|
| LEADER |
01227nam a22003257a 4500 |
| 001 |
37779 |
| 003 |
BD-DhAAL |
| 005 |
20220222101235.0 |
| 008 |
220222t1976 enka b 001 0 eng d |
| 999 |
|
|
|c 43548
|d 43548
|
| 010 |
|
|
|a 76361103
|
| 015 |
|
|
|a GB76-05623
|
| 020 |
|
|
|a 0140803823 :
|c £0.90
|
| 040 |
|
|
|a DLC
|c DLC
|d DLC
|d BD-DhAAL
|
| 050 |
0 |
0 |
|a LB1084
|b .B365
|
| 082 |
0 |
0 |
|a 370.152
|
| 100 |
1 |
|
|a Barnes, Douglas R.
|9 45952
|
| 245 |
1 |
0 |
|a From communication to curriculum /
|c Douglas Barnes.
|
| 260 |
|
|
|a Harmondsworth :
|b Penguin Education,
|c 1976.
|
| 300 |
|
|
|a 202 pages :
|b illustrations ;
|c 19 cm.
|
| 490 |
0 |
|
|a Penguin education
|
| 504 |
|
|
|a Includes bibliographical references and index.
|
| 526 |
|
|
|a BIED
|
| 541 |
|
|
|a Complimentary copy from BIED
|e 37779
|
| 650 |
|
0 |
|a Teacher-student relationships.
|9 45953
|
| 650 |
|
0 |
|a Communication in education.
|9 45954
|
| 650 |
|
0 |
|a Group work in education.
|9 45955
|
| 852 |
|
|
|a Ayesha Abed Library
|c BIED Collection
|
| 942 |
|
|
|2 ddc
|c BK
|
| 952 |
|
|
|0 0
|1 0
|2 ddc
|4 0
|6 370_152000000000000_BAR
|7 0
|9 69850
|a BRACUL
|b BRACUL
|c GEN
|d 2022-02-22
|e Complimentary copy from BIED
|l 1
|m 4
|o 370.152 BAR
|p 3010037779
|r 2023-07-06
|s 2023-01-17
|t 1
|w 2022-02-22
|y BK
|x Transferred from BIED to General Stacks
|